| 000 | 00401nam a2200157 i 4500 | ||
|---|---|---|---|
| 001 | 36219 | ||
| 003 | ES-MaACL | ||
| 005 | 20230906155327.0 | ||
| 007 | t| | ||
| 008 | 030217s1906 sp ||||1| spa d | ||
| 100 | 1 |
_aBriga, Augusto. _931716 |
|
| 245 | 1 | 0 |
_aMundanas / _cAugusto Briga. |
| 260 |
_aMadrid : _b[s.n., _c1906] ( _fP. Apalategui) |
||
| 300 |
_a164 p. ; _c20 cm. |
||
| 852 |
_aES-MaACL _jF-8515 |
||
| 999 |
_c36219 _d36219 |
||